Grande attore /

Gespeichert in:
Bibliographische Detailangaben
1. Verfasser: Tornabuoni, Lorenzo (Verfasst von)
Format: Buch
Sprache:Italienisch
Veröffentlicht: Roma : Gremese, copyr. 1991
Schriftenreihe:Gli spilli
Tags: Tag hinzufügen
Keine Tags, Fügen Sie das erste Tag hinzu!

MARC

LEADER 00000nam a22000007i 4500
001 IT\ICCU\BIA\0000527
003 ItRI
005 20260115231924.0
008 940811s1991 it |||||| ||||| |||||c
020 |a 8876055924 
040 |b ita  |c importazione bologna sebina 
041 7 |a ita  |2 ISO-639-2 
100 1 |a Tornabuoni, Lorenzo  |0 IT\ICCU\BIAV\085198  |4 aut 
245 1 0 |a Grande attore /  |c Lorenzo Tornabuoni. 
260 |a Roma :  |b Gremese,  |c copyr. 1991 
300 |a 157 p. ;  |c 20 cm. 
830 4 |a Gli spilli  |0 IT\ICCU\RAV\0045523 
942 |2 ddc  |c BK  |n 0 
952 |0 0  |1 0  |4 0  |6 DOC_853_914000000000000_TOR  |7 0  |9 16585  |a BO  |b BO  |d 2026-01-15  |i 2514  |l 0  |o DOC 853.914 TOR  |p BO2514  |r 2026-01-15 23:19:24  |w 2026-01-15  |x [Sebina 5] [1 v.]  |y BK  |z 1 v. 
999 |c 14193  |d 14193